| 000 | 00409cam a2200169 4500 | ||
|---|---|---|---|
| 001 | D14508 | ||
| 008 | 090401t1937 xxu||||| |||| 00| 0 eng d | ||
| 035 | _a(Sirsi) u16120 | ||
| 041 | _aeng | ||
| 100 | _aWolstenhome, J.M. | ||
| 245 | _aLaw of commission for estate agents | ||
| 260 |
_aLondon _bSir Isaac Pitman and Sons _c1937 |
||
| 350 | _a0 | ||
| 520 | _aShelf 137 | ||
| 942 | _n0 | ||
| 948 | _c04/03/1997 | ||
| 999 |
_c87376 _d87376 |
||